Breath sweeps mind : (Record no. 31757)

000 -LEADER
fixed length control field 01061cam a2200301 a 4500
001 - CONTROL NUMBER
control field 3543760
005 - DATE AND TIME OF LATEST TRANSACTION
control field 20230727154126.0
008 - FIXED-LENGTH DATA ELEMENTS--GENERAL INFORMATION
fixed length control field 970627s1998 nyu 001 0 eng
010 ## - LIBRARY OF CONGRESS CONTROL NUMBER
LC control number 97028036
020 ## - INTERNATIONAL STANDARD BOOK NUMBER
International Standard Book Number 157322653X
040 ## - CATALOGING SOURCE
Original cataloging agency DLC
Transcribing agency DLC
Modifying agency DLC
050 00 - LIBRARY OF CONGRESS CALL NUMBER
Classification number BQ 5612 .B74 1998
082 00 - DEWEY DECIMAL CLASSIFICATION NUMBER
Classification number 294.3/4435
Edition number 21
245 00 - TITLE STATEMENT
Title Breath sweeps mind :
Remainder of title a first guide to meditation practice /
Statement of responsibility, etc. edited by Jean Smith.
250 ## - EDITION STATEMENT
Edition statement 1st Riverhead trade pbk. ed.
260 ## - PUBLICATION, DISTRIBUTION, ETC. (IMPRINT)
Place of publication, distribution, etc. New York :
Name of publisher, distributor, etc. Riverhead Books,
Date of publication, distribution, etc. 1998.
300 ## - PHYSICAL DESCRIPTION
Extent xiv, 289 p. ;
Dimensions 20 cm.
500 ## - GENERAL NOTE
General note Rev. ed. of: Meditation practice.
500 ## - GENERAL NOTE
General note "A tricycle book."
500 ## - GENERAL NOTE
General note Includes index.
650 #0 - SUBJECT ADDED ENTRY--TOPICAL TERM
Topical term or geographic name as entry element Meditation
General subdivision Buddhism.
700 1# - ADDED ENTRY--PERSONAL NAME
Personal name Smith, Jean,
Dates associated with a name 1938-
730 0# - ADDED ENTRY--UNIFORM TITLE
Uniform title Meditation practice.
906 ## - LOCAL DATA ELEMENT F, LDF (RLIN)
a 7
b cbc
c orignew
d 1
e ocip
f 19
g y-gencatlg
942 ## - ADDED ENTRY ELEMENTS (KOHA)
Source of classification or shelving scheme
Koha item type Hard Covered Materials
Classification part BQ 5612 .B74 1998
Holdings
Withdrawn status Lost status Source of classification or shelving scheme Damaged status Not for loan Home library Current library Shelving location Date acquired Source of acquisition Total Checkouts Full call number Barcode Date last seen Price effective from Koha item type
          MACHAKOS UNIVERSITY LIBRARY MACHAKOS UNIVERSITY LIBRARY Open shelf 27/07/2023 Donation (kimanzi)   BQ 5612 .B74 1998 39560 27/07/2023 27/07/2023 Hard Covered Materials
© Machakos University Library, Along The Highway, Machakos Wote Rd, Machakos, Kenya P.O. Box 136 - 90100 Machakos - Kenya

Tel: ( +254 ) 723 805829 OR Fax : 044-20353 OR Email: library@mksu.ac.ke